[Event "EICC 2021"]
[Site "Reykjavik"]
[Date "2021.08.26"]
[Round "1.33"]
[White "Demchenko, Anton"]
[Black "Birkisson, Bardur Orn"]
[Result "1-0"]
[WhiteElo "2597"]
[BlackElo "2163"]
[Annotator "TA"]
[PlyCount "47"]
[EventDate "2021.08.26"]
[EventType "swiss"]
[EventCountry "ISL"]
[Tiebreak "Cut1 Buchholz"]
[SourceTitle "playchess.com"]
[Source "ChessBase"]
[SourceQuality "1"]

{[%evp 18,47,10,9,23,11,118,116,156,150,120,106,142,113,114,108,111,110,109,
102,210,209,215,208,372,236,241,235,860,856,827,834]} 1. e4 e5 2. Nf3 Nc6 3.
Bc4 Nf6 4. d3 Bc5 5. O-O a6 6. a4 d6 7. c3 Ba7 8. Nbd2 O-O 9. h3 Ne7 10. Re1
Ng6 {C54: Giuoco Piano: 4 c3 Nf6, main lines with 5 d4 and 5 d3.} 11. d4 {[#]}
Nh5 $146 {[#]} (11... c6 $11 {keeps the balance.}) ({Predecessor:} 11... exd4
12. cxd4 d5 13. exd5 Nxd5 14. Ne4 c6 15. Qb3 h6 16. a5 Bb8 17. Nc3 Nge7 18. Ne5
{1-0 (74) Deac,B (2627)-Kamsky,G (2665) Europe Echecs INT 2021}) 12. Nxe5 $1
$16 {[%mdl 576] Discovered Attack} dxe5 {White is better.} (12... Nxe5 13. Qxh5
) 13. Qxh5 exd4 14. Nf3 {And now Ng5 would win.} Qf6 15. Bg5 $36 {[%mdl 2048]
Black is under strong pressure.} (15. Nxd4 $6 Bxd4 16. cxd4 Qxd4 $14) 15... Qc6
16. Bd5 Qd6 17. cxd4 ({Don't take} 17. Nxd4 c6 $14) 17... c6 18. Ba2 Bxd4 (
18... Be6 $16 {is a better defense.}) 19. Rad1 $18 c5 20. e5 Qb6 (20... Qc6 21.
Nxd4 cxd4) 21. Be3 Bxe3 22. fxe3 ({Don't play} 22. Rxe3 $6 Nf4 $16) 22... Be6
$2 {[#]} (22... h6 23. Rd6 Qxb2) 23. Ng5 $1 {[%csl Gg5][%cal Rh5h7]} h6 24.
Nxe6 {Weighted Error Value: White=0.14/Black=0.47} 1-0

[Event "EICC 2021"]
[Site "Reykjavik"]
[Date "2021.08.26"]
[Round "1.34"]
[White "Pappelis, Dimitrios"]
[Black "Mamedov, Nidjat"]
[Result "1/2-1/2"]
[WhiteElo "2160"]
[BlackElo "2595"]
[Annotator "TA"]
[PlyCount "68"]
[EventDate "2021.08.26"]
[EventType "swiss"]
[EventCountry "ISL"]
[Tiebreak "Cut1 Buchholz"]
[SourceTitle "playchess.com"]
[Source "ChessBase"]
[SourceQuality "1"]

{[%evp 10,68,4,-10,-26,-16,-13,-16,-22,-24,-52,-78,-55,-61,-16,-22,-16,-55,-27,
-26,-44,-73,0,0,0,0,0,0,0,-6,-19,-9,10,6,5,6,0,-15,-12,-5,0,0,0,0,2,4,12,10,67,
58,82,85,84,85,104,103,93,83,72,46,76]} 1. c4 e5 2. Nc3 Nf6 3. Nf3 Nc6 4. e3
Bb4 5. Qc2 O-O 6. a3 Bxc3 {A28: English Opening: Four Knights Variation.} 7.
Qxc3 Re8 8. b4 {has lost popularity (8.d3).} d5 {The position is equal.} 9. Bb2
d4 10. Qb3 Bg4 11. Be2 {[#]} Qe7 $146 ({Predecessor:} 11... a5 12. h3 Bh5 13.
b5 a4 14. Qc2 Bg6 15. d3 Na5 16. Qxa4 dxe3 17. O-O Bxd3 {0-1 (28) Kostyra,S 
(2335)-Thorsteins,K (2430) Warsaw 1989}) 12. h3 Bh5 13. Rc1 Rad8 14. c5 a6 15.
Qc4 dxe3 (15... e4 $17 16. Nxd4 Ne5) 16. dxe3 $11 e4 17. Nd2 Ne5 18. Bxe5 Qxe5
19. Bxh5 Qxh5 20. Qe2 Qh6 21. O-O Rd5 22. Nc4 Rg5 {[#] Threatens to win with ..
.Qxh3.} 23. f4 exf3 24. Qxf3 Rd5 25. Rcd1 Rxd1 26. Rxd1 Qh4 27. Rd4 $36 {
[%mdl 2048] White has the initiative.} Qe1+ 28. Kh2 c6 (28... b5 $11 29. cxb6
cxb6) 29. Qg3 Qxg3+ 30. Kxg3 Kf8 31. Kf3 Ke7 32. Nd6 Rb8 33. e4 g6 34. Nc4 Ne8
{Weighted Error Value: White=0.07/Black=0.12} 1/2-1/2

[Event "EICC 2021"]
[Site "Reykjavik"]
[Date "2021.08.26"]
[Round "1.35"]
[White "Romanov, Evgeny"]
[Black "Bergsson, Stefan"]
[Result "1-0"]
[WhiteElo "2594"]
[BlackElo "2158"]
[Annotator "TA RC"]
[PlyCount "47"]
[EventDate "2021.08.26"]
[EventType "swiss"]
[EventCountry "ISL"]
[Tiebreak "Cut1 Buchholz"]
[SourceTitle "playchess.com"]
[Source "ChessBase"]
[SourceQuality "1"]

{[%evp 12,47,3,4,43,32,50,32,64,59,146,141,153,153,201,204,244,213,226,248,252,
253,261,241,324,301,325,309,414,406,478,370,477,463,498,508,451,403]} 1. c4 c5
2. Nc3 Nc6 3. Nf3 g6 4. g3 Bg7 5. Bg2 e5 6. O-O d6 7. a3 {[%cal Ba2a3,Ba3b4,
Bb4b5][%mdl 32] seems to push 7.d3 aside.} Be6 {A37: Symmetrical English vs ...
g6: 4 Bg2 Bg7 5 Nf3.} 8. d3 Nge7 9. Ng5 $5 {[%mdl 4] Leaves trodden paths.} Bd7
{[#] White is slightly better.} 10. b4 $146 (10. Nge4 $5 {[%cal Re4d6]} Bf5 11.
Nb5 Bxe4 12. dxe4 $16) ({Predecessor:} 10. Nge4 Be6 11. Bg5 O-O 12. Bf6 Bxf6
13. Nxf6+ Kg7 14. Nfd5 Rb8 15. Rb1 a5 16. e3 {1-0 (31) Zwardon,V (2424)
-Nikanova,E (1984) Pardubice 2020}) 10... cxb4 ({Better is} 10... f5 $14) 11.
axb4 $16 h6 12. Nge4 Be6 13. c5 {[#] And now b5 would win.} dxc5 14. b5 (14.
bxc5 O-O $14) 14... Nd4 15. Nxc5 Rc8 16. Ba3 ({Don't play} 16. Nxb7 $6 Qd7 $16)
16... O-O 17. e3 ({Don't do} 17. Nxb7 $6 Qc7 $18) 17... b6 18. exd4 bxc5 19.
dxc5 ({Less strong is} 19. Bxc5 exd4 20. Ne4 f5 $16) 19... Qa5 {[#]} 20. c6 $1
Qc7 (20... Rfe8 21. Bxe7) 21. Ne4 Rfd8 22. Nc5 {White is clearly winning.} Nf5
23. Nxe6 fxe6 24. Be4 {Black did not feel at home in the position after the
opening.  Weighted Error Value: White=0.14/Black=0.44} 1-0

[Event "EICC 2021"]
[Site "Reykjavik"]
[Date "2021.08.26"]
[Round "1.36"]
[White "Saraci, Korab"]
[Black "Huschenbeth, Niclas"]
[Result "0-1"]
[WhiteElo "2154"]
[BlackElo "2592"]
[Annotator "TA"]
[PlyCount "78"]
[EventDate "2021.08.26"]
[EventType "swiss"]
[EventCountry "ISL"]
[Tiebreak "Cut1 Buchholz"]
[SourceTitle "playchess.com"]
[Source "ChessBase"]
[SourceQuality "1"]

{[%evp 16,78,-2,0,5,-73,-59,-56,-44,-50,0,5,3,-104,-108,-108,-109,-108,-105,
-102,-103,-124,-124,-131,-123,-129,-125,-129,-129,-138,-135,-135,-139,-137,
-133,-149,-143,-154,-136,-181,-185,-181,-183,-174,-160,-234,-203,-238,-244,
-239,-247,-284,-282,-597,-595,-590,-590,-577,-579,-561,-561,-1082,-1082,-5297,
-3389]} 1. e4 c5 2. c3 Nf6 3. e5 Nd5 4. d4 cxd4 5. cxd4 d6 6. Nf3 Nc6 7. Bc4
dxe5 8. dxe5 Ndb4 9. Qb3 e6 {[#] B22: Sicilian: 2 c3.} 10. Bd2 $146 {[#]} (10.
Nc3 $11) ({Predecessor:} 10. O-O Na5 11. Bb5+ Bd7 12. Qa4 Bxb5 13. Qxb5+ Nac6
14. Nc3 a6 15. Qe2 Qd3 16. Rd1 Qxe2 17. Nxe2 {0-1 (48) Ynojosa Aponte,F (2652)
-Bok,B (2874) Chess.com INT 2020}) 10... Na5 $1 $17 {[%cal Ra5b3]} 11. Bb5+ (
11. Qa4+ Bd7) 11... Bd7 {Black is slightly better.} 12. Qa4 Nac6 {...a6 is the
strong threat.} (12... Nc2+ {keeps more tension.} 13. Qxc2 Bxb5 14. Nc3 Rc8 15.
Rd1 Qd3) 13. a3 {[%cal Rd2b4]} Nd5 14. Qc2 {[#]} (14. Nc3 $11 {keeps the
balance.}) 14... Nxe5 $1 {[%mdl 512] White is on the road to losing.} 15. Bxd7+
Nxd7 16. Nc3 {Black should prevent Nxd5.} N7b6 17. O-O Be7 18. Ne4 Rc8 19. Qd3
O-O 20. Rac1 Nf6 21. Qe2 Qd5 22. Bg5 Qxe4 23. Qxe4 Nxe4 24. Bxe7 Rfe8 {
Threatens to win with ...Rxc1.} 25. Rxc8 Rxc8 26. Re1 Nc5 27. h3 Nd3 28. Re2
Nf4 29. Rd2 Nfd5 30. Bh4 (30. Bg5 $17 {was called for.}) 30... f6 31. Nd4 Rc1+
32. Kh2 Nc4 33. Re2 e5 34. Ne6 (34. Nb3 Rb1 35. Nc5) 34... Kf7 $19 {Black is
clearly winning.} 35. Nd8+ Ke7 36. Nxb7 Nf4 37. Re4 g5 38. Bg3 Nd2 39. Bxf4
gxf4 {Weighted Error Value: White=0.62/Black=0.04} 0-1

[Event "EICC 2021"]
[Site "Reykjavik"]
[Date "2021.08.26"]
[Round "1.37"]
[White "Parligras, Mircea-Emilian"]
[Black "Stremavicius, Pijus"]
[Result "1-0"]
[WhiteElo "2591"]
[BlackElo "2146"]
[Annotator "TA"]
[PlyCount "85"]
[EventDate "2021.08.26"]
[EventType "swiss"]
[EventCountry "ISL"]
[Tiebreak "Cut1 Buchholz"]
[SourceTitle "playchess.com"]
[Source "ChessBase"]
[SourceQuality "1"]

{[%evp 12,85,45,41,32,39,141,128,128,134,142,137,140,143,140,136,133,70,80,74,
71,56,87,84,108,108,132,110,103,109,108,102,125,115,119,-1767,97,90,111,96,110,
102,139,112,145,139,138,134,134,127,138,138,147,143,129,99,179,202,195,197,220,
220,212,187,383,381,376,371,367,367,361,244,349,336,302,228]} 1. d4 d6 2. e4
Nf6 3. Bd3 e5 4. c3 d5 5. dxe5 Nxe4 6. Nf3 Nc6 7. O-O $1 {[%mdl 4] is now more
promising than 7.Nbd2.} Bg4 {B07: Pirc Defence: Miscellaneous Systems.} 8. Nbd2
{[#]} Be7 $146 (8... Nc5 $14 9. Bb5 Qd7) ({Predecessor:} 8... Nc5 9. Bb1 Be7
10. b4 Nd7 11. h3 Bh5 12. g4 Bg6 13. Re1 Nf8 14. Bf5 Ne6 15. Nb3 {1-0 (57)
Parligras,M (2632)-Bauer,C (2625) Barcelona 2018}) 9. Nxe4 $16 dxe4 {White is
better.} 10. Bxe4 Qxd1 11. Rxd1 Nxe5 12. Bxb7 Bxf3 13. gxf3 Rb8 14. f4 Rxb7 $14
15. fxe5 f6 16. Re1 fxe5 17. Rxe5 {Hoping for Bg5.} Kd7 18. b3 a6 19. Be3 Rb5
20. Rd1+ Bd6 21. Red5 (21. Bc5 {is interesting.} Kc6 22. Bxd6 Rd8 23. Re7 Rg5+
24. Kf1) 21... Kc6 22. c4 Rxd5 23. Rd3 {[%mdl 8192]} Rd4 $2 24. Rxd4 $16 {
[%mdl 4096] Endgame KRB-KRB} g6 25. Rd5 Rf8 26. Kg2 Ra8 27. h3 a5 28. a4 Bb4
29. Kf3 Rf8+ 30. Ke2 Rf7 31. h4 h5 32. Rg5 Rf6 33. Bd4 Re6+ (33... Rd6 $16 {
is a better defense.}) 34. Kd3 $1 $18 Be1 {[#]} 35. f4 $1 Rd6 {[#]} 36. f5 $1 {
[%cal Rf5g6]} gxf5 37. Rxf5 Bxh4 $2 (37... Rh6 38. Re5 Bxh4 39. Rxa5 Kb7 40.
Rb5+ Ka8) 38. Rxa5 Be1 39. Rxh5 Rg6 40. Re5 Bb4 41. Be3 Rd6+ (41... Rg2 {
was called for.} 42. Rb5 Bd6) 42. Kc2 Rg6 43. Rb5 {A wild game.  Weighted
Error Value: White=0.29/Black=0.38} 1-0

[Event "EICC 2021"]
[Site "Reykjavik"]
[Date "2021.08.26"]
[Round "1.38"]
[White "Halldorsson, Jon Arni"]
[Black "Sivuk, Vitaly"]
[Result "0-1"]
[WhiteElo "2115"]
[BlackElo "2589"]
[Annotator "TA"]
[PlyCount "58"]
[EventDate "2021.08.26"]
[EventType "swiss"]
[EventCountry "ISL"]
[Tiebreak "Cut1 Buchholz"]
[SourceTitle "playchess.com"]
[Source "ChessBase"]
[SourceQuality "1"]

{[%evp 11,58,25,12,7,35,31,31,27,31,34,61,-32,-29,-27,-33,-32,-27,-24,-20,-21,
-24,-31,-13,-66,-67,-63,-64,-82,-66,-91,-90,-96,-91,-79,-62,-75,-70,-75,-75,
-439,-418,-408,-389,-960,-960,-833,-839,-29986,-29987]} 1. d4 Nf6 2. Nf3 g6 3.
g3 c5 4. dxc5 Na6 5. Bg2 Nxc5 6. O-O Bg7 7. c4 {A46: 1 d4 Nf6 2 Nf3 e6: Torre,
London and Colle Systems.} b6 $5 {[%mdl 4] [#] Leaves trodden paths.} 8. Nd4
$146 ({Predecessor:} 8. Nc3 Bb7 9. Be3 O-O 10. Rc1 Rc8 11. b4 Ne6 12. Qb3 d5
13. cxd5 Nxd5 14. Nxd5 Qxd5 15. Qxd5 Bxd5 {1-0 (58) Demidov,M (2833)-Xiong,J 
(2910) Chess.com INT 2019}) 8... Bb7 9. Bxb7 {White is slightly better.} Nxb7
10. Nc3 Rc8 11. b3 (11. e4 $1 $14) 11... d5 $15 12. Nxd5 Nxd5 13. cxd5 Qxd5 14.
Bb2 O-O 15. e3 Rfd8 16. Qe2 e5 17. Nf3 ({White should play} 17. e4 $11 Qa5 18.
Nf3) 17... e4 $1 {[%cal Re4f3]} 18. Nd4 Nc5 19. Rac1 Nd3 $36 {[%mdl 2048]
Black has some pressure.} 20. Rxc8 Rxc8 21. Ba1 Qd7 22. f3 Nc5 23. Rd1 Qe7 24.
f4 Nd3 25. Rd2 $2 {[%mdl 8192] Loses the game.} (25. Rf1 $17 {is a better
chance.}) 25... Rc1+ $19 26. Rd1 Qa3 {And now ...Rxd1+ would win.} 27. Nb5 $2 (
27. Rf1 Rxf1+ 28. Qxf1) 27... Rxd1+ {[%mdl 64] [#] Overworked Piece} 28. Qxd1
Qxa2 {( -> ...Qf2+)} 29. Bd4 Qf2+ {Weighted Error Value: White=0.88/Black=0.05}
0-1

[Event "EICC 2021"]
[Site "Reykjavik"]
[Date "2021.08.26"]
[Round "1.39"]
[White "Nguyen, Thai Dai Van"]
[Black "Mai, Aron Thor"]
[Result "1-0"]
[WhiteElo "2588"]
[BlackElo "2110"]
[Annotator "TA"]
[PlyCount "34"]
[EventDate "2021.08.26"]
[EventType "swiss"]
[EventCountry "ISL"]
[Tiebreak "Cut1 Buchholz"]
[SourceTitle "playchess.com"]
[Source "ChessBase"]
[SourceQuality "1"]

{[%evp 17,34,20,23,0,41,41,64,25,25,19,13,22,81,91,97,-662,-561,-578,-568]} 1.
d4 d6 2. Nf3 Nf6 3. c4 g6 4. g3 Bg7 5. Bg2 O-O 6. O-O c5 7. Nc3 Nc6 8. dxc5
dxc5 9. Bf4 Nh5 {now scores much better than the old 9...Be6.} 10. Bg5 {
E65: King's Indian: Fianchetto: 6...c5 7 0-0 without d5 by White.} h6 11. Be3
Be6 {[#]} 12. Nd2 $146 {White is slightly better.} ({Predecessor:} 12. Qc1 Kh7
13. Rd1 Qa5 14. Nd5 Rac8 15. Nd2 b6 16. a3 Qa6 17. h3 Rfd8 18. g4 Bxd5 19. Bxd5
{0-1 (50) Firouzja,A (2607)-Dubov,D (2703) St Petersburg 2018}) 12... Nd4 13.
Nb3 Bxc4 14. Nxc5 {Black must now prevent g4.} Nxe2+ 15. Nxe2 $16 {And now Qc2
would win.} Qxd1 16. Re1 {[%mdl 8192]} Qxa1 {[%mdl 64] [#] Deflection} 17. Rxa1
Bxe2 {[%mdl 32768] Weighted Error Value: White=1.13/Black=0.26. Loss on time!?}
1-0

[Event "EICC 2021"]
[Site "Reykjavik"]
[Date "2021.08.26"]
[Round "1.40"]
[White "Ptacnikova, Lenka"]
[Black "Gabuzyan, Hovhannes"]
[Result "0-1"]
[WhiteElo "2109"]
[BlackElo "2587"]
[Annotator "TA"]
[PlyCount "52"]
[EventDate "2021.08.26"]
[EventType "swiss"]
[EventCountry "ISL"]
[Tiebreak "Cut1 Buchholz"]
[SourceTitle "playchess.com"]
[Source "ChessBase"]
[SourceQuality "1"]

{[%evp 20,52,0,0,0,0,-8,-31,-35,-55,-44,-60,-58,-178,-156,-197,-191,-223,-208,
-216,-210,-204,-165,-227,-194,-417,-359,-341,-316,-704,-697,-895,-918,-893,
-893]} 1. c4 g6 2. g3 Bg7 3. Bg2 c5 4. Nc3 Nc6 5. d3 d6 6. e4 a6 7. Nge2 Nf6 8.
h3 O-O 9. O-O Rb8 10. a4 Ne8 11. Be3 e5 {A36: Symmetrical English vs ...g6: 4
Bg2 Bg7.} 12. f4 exf4 13. Nxf4 Nc7 {Black is slightly better.} 14. Nfd5 Nxd5 $1
{[#]} 15. exd5 $146 ({Predecessor:} 15. cxd5 Nd4 16. Rb1 a5 17. Qd2 b5 18. Nxb5
Nxb5 19. axb5 Rxb5 20. d4 cxd4 21. Bxd4 Bxd4+ 22. Qxd4 {1/2-1/2 (42) Gerlach,F
(2050)-Britton,R (2186) London 2018}) 15... Nd4 16. g4 (16. Kh2 $15) 16... f5
$19 17. g5 Re8 18. Bd2 b5 19. axb5 axb5 20. cxb5 Nxb5 21. Re1 (21. Nxb5 $142
Rxb5 22. Bc3) 21... Nd4 {[%cal Bb5d4,Bd4b3,Bb3a5][%mdl 32]} 22. Qa4 $2 {[#]} (
22. Rxe8+ {was worth a try.} Qxe8 23. Ra2) 22... Bd7 ({Less strong is} 22...
Rxe1+ 23. Rxe1 Be5 24. Ne2 $19) 23. Rxe8+ Bxe8 24. Qa7 (24. Qd1) 24... Nb3 {
Black is clearly winning.} 25. Rd1 Ra8 26. Qb7 Na5 {White got outplayed after
the opening.  Weighted Error Value: White=0.84/Black=0.10} 0-1

[Event "EICC 2021"]
[Site "Reykjavik"]
[Date "2021.08.27"]
[Round "2.1"]
[White "Suleymanli, Aydin"]
[Black "Jones, Gawain C B"]
[Result "1/2-1/2"]
[WhiteElo "2536"]
[BlackElo "2684"]
[Annotator "TA"]
[PlyCount "64"]
[EventDate "2021.08.26"]
[EventType "swiss"]
[EventCountry "ISL"]
[Tiebreak "Cut1 Buchholz"]
[SourceTitle "playchess.com"]
[Source "ChessBase"]
[SourceQuality "1"]

{[%evp 12,64,32,15,20,24,35,43,43,43,32,-5,-14,-13,-13,-23,20,23,28,4,6,-3,-5,
0,40,20,31,0,9,0,0,0,20,25,27,27,30,28,22,25,34,0,0,0,0,0,0,0,0,0,0,0,0,0,0]} 
1. d4 Nf6 2. c4 g6 3. Nc3 Bg7 4. e4 d6 5. f3 O-O 6. Nge2 a6 7. Be3 b5 {E81:
King's Indian: Sämisch: 6th move deviations (including 6 Be3 c6).} 8. cxb5 axb5
9. Nxb5 c6 {White is slightly better.} 10. Nbc3 Nbd7 11. Qd2 e5 12. Rd1 d5 13.
Ng3 Re8 14. Be2 h5 {[#]} 15. dxe5 $146 ({Predecessor:} 15. O-O h4 16. Nh1 dxe4
17. Nf2 exd4 18. Bxd4 exf3 19. Bxf3 Ba6 20. Rfe1 Qc7 21. Qg5 Rxe1+ 22. Rxe1 {
1/2-1/2 (50) Ding,L (2805)-Grischuk,A (2775) Stavanger 2019}) 15... Nxe5 16.
O-O {[%cal Re4d5]} h4 17. Nh1 Qc7 18. Nf2 dxe4 19. fxe4 Neg4 {[%csl Gg4][%cal
Rc7h2] [#]} 20. Bf4 Qb6 21. Bxg4 Nxg4 22. h3 Ne5 23. b3 Ba6 24. Na4 Qb8 25.
Rfe1 Bh6 26. Bxh6 Nf3+ $1 {The position is equal.} 27. gxf3 Qg3+ {[%mdl 64] [#]
Double Attack} 28. Kh1 Qxf3+ 29. Kg1 {Re3 is the strong threat.} Qg3+ 30. Kh1
Qf3+ 31. Kg1 {Black must now prevent Re3.} Qg3+ 32. Kh1 Qf3+ {Weighted Error
Value: White=0.09/Black=0.04} 1/2-1/2

[Event "EICC 2021"]
[Site "Reykjavik"]
[Date "2021.08.27"]
[Round "2.2"]
[White "Valsecchi, Alessio"]
[Black "Navara, David"]
[Result "1/2-1/2"]
[WhiteElo "2527"]
[BlackElo "2675"]
[Annotator "TA"]
[PlyCount "112"]
[EventDate "2021.08.26"]
[EventType "swiss"]
[EventCountry "ISL"]
[Tiebreak "Cut1 Buchholz"]
[SourceTitle "playchess.com"]
[Source "ChessBase"]
[SourceQuality "1"]

{[%evp 18,112,16,2,3,-15,0,6,22,24,37,23,17,8,21,14,15,16,21,21,23,26,19,2,2,2,
47,42,62,55,76,29,27,54,38,6,0,-12,-12,-7,0,0,0,0,0,0,0,0,0,0,0,0,0,0,0,0,0,
-47,0,0,0,0,0,0,0,0,0,0,0,0,0,0,0,0,0,0,0,0,0,0,0,0,0,0,0,0,0,0,0,0,0,0,0,0,0,
0,0]} 1. e4 c5 2. Nf3 d6 3. d4 cxd4 4. Nxd4 Nf6 5. Nc3 a6 6. Be2 e5 7. Nb3 Be7
8. O-O O-O 9. Be3 Be6 10. Qd3 Nbd7 {B92: Sicilian Najdorf: 6 Be2.} 11. Rfc1 {
11.a4 is the modern continuation.} Rc8 12. a4 {[#]} Ne8 $146 ({Predecessor:} 
12... h6 13. h3 Bc4 14. Qd2 d5 15. exd5 Bb4 16. Bxc4 Rxc4 17. Qd3 Bxc3 18. Qxc4
Bxb2 {1/2-1/2 (35) Razumikhin,A (2413)-Nekhaev,A (2503) ICCF email 2018}) 13.
Nd5 Bg5 14. Bxg5 Qxg5 15. a5 Bxd5 16. Qxd5 Rc6 17. Qd2 Qe7 18. Qb4 Nc5 19. Bc4
Nf6 20. Bd5 Nxd5 21. exd5 Nxb3 (21... Rcc8 {looks sharper.} 22. Nxc5 Rxc5 23.
c4 f5 24. Re1 Qc7) 22. dxc6 Nxc1 23. Rxc1 bxc6 $11 {[%mdl 4096] Endgame KQR-KQR
} 24. Rd1 Rd8 25. Qb6 {[%mdl 64] [#] Double Attack} d5 26. Qxc6 Qe6 27. Qxe6 (
27. Qc7 {feels hotter.} Re8 28. c3 g6 29. Re1 Qc8 30. Qxc8 Rxc8 31. Rxe5 d4 32.
g4) 27... fxe6 {KR-KR} 28. Re1 Rb8 (28... Kf7 {keeps more tension.} 29. Rxe5
Rc8 30. c3 Rc5 31. f4 Kf6) 29. Rxe5 Rxb2 {[#] ( -> ...Rb1+)} 30. f4 Kf7 ({
Reject} 30... Rxc2 $6 31. Rxe6 d4 32. Rxa6 $16) 31. f5 $1 exf5 32. Rxd5 Ke6 33.
Rc5 Kd6 34. Rxf5 Rxc2 35. Rf8 Rc5 36. Rg8 g6 37. Rg7 Rxa5 (37... Rc7 $5 {
[%cal Rc7g7]} 38. Rg8 Kc6 $17) 38. Rxh7 {The position is equal.} Rb5 39. Rg7 a5
40. Rxg6+ Kc5 41. Ra6 (41. h4 {is interesting.} a4 42. h5 a3 43. Ra6 Kb4 44. h6
) 41... Kb4 42. Kf2 a4 43. g4 a3 44. h4 Ra5 45. Rb6+ Kc3 (45... Kc5 $5 46. Rb1
$8 Ra4 $11) 46. Rc6+ Kb2 {Strongly threatening ...a2.} 47. Rb6+ Kc3 {White
must now prevent ...a2.} 48. Rc6+ Kd4 {Hoping for ...a2.} 49. Rc1 a2 50. Ra1
Ke4 51. Ke2 Ra3 52. Kd2 Rh3 53. Kc2 Rxh4 54. Rxa2 Rxg4 55. Ra4+ Kf3 56. Rxg4
Kxg4 {Weighted Error Value: White=0.05/Black=0.04} 1/2-1/2

[Event "EICC 2021"]
[Site "Reykjavik"]
[Date "2021.08.27"]
[Round "2.3"]
[White "Bluebaum, Matthias"]
[Black "Van Foreest, Lucas"]
[Result "1-0"]
[WhiteElo "2674"]
[BlackElo "2544"]
[Annotator "TA"]
[PlyCount "113"]
[EventDate "2021.08.26"]
[EventType "swiss"]
[EventCountry "ISL"]
[Tiebreak "Cut1 Buchholz"]
[SourceTitle "playchess.com"]
[Source "ChessBase"]
[SourceQuality "1"]

{[%evp 9,113,26,47,51,50,43,43,44,51,19,46,39,51,48,64,57,75,55,50,49,83,93,86,
91,85,77,110,107,110,51,46,53,54,22,45,12,52,0,37,37,64,64,64,64,64,64,64,64,
99,49,49,40,97,93,91,76,227,259,243,242,222,230,306,319,317,313,259,220,200,0,
383,383,392,375,336,52,52,52,52,39,12834,12835,12836,12836,12836,12837,12837,
12837,12838,12838,12846,12847,12847,12847,12848,12848,12849,12849,12850,12850,
12850,12850,12850,12850,12850,12850]} 1. c4 c5 2. Nf3 Nf6 3. Nc3 d5 4. cxd5
Nxd5 5. d4 Qa5 6. Bd2 {A34: Symmetrical English: 2 Nc3, lines with ...d5.} cxd4
7. Nxd4 e5 8. Nb3 {White is slightly better.} Qd8 {[#]} 9. g3 $146 ({
Predecessor:} 9. e4 Nxc3 10. Bxc3 Qxd1+ 11. Rxd1 Nc6 12. Bb5 f6 13. Ke2 Be7 14.
f3 {1-0 (35) Uddin,M (2087)-Berdychevaskaya,N (2208) Chess.com INT 2020}) 9...
Nxc3 10. Bxc3 Qxd1+ 11. Rxd1 Nc6 12. Bg2 Bd7 13. O-O f6 14. Na5 Nxa5 15. Bxa5
Bc6 16. Bxc6+ $1 bxc6 17. Rd3 Rb8 18. Rc1 Rxb2 19. Rxc6 ({Better is} 19. Rd8+
$16 Ke7 20. Ra8 (20. Rxc6 Rxa2 21. Rd5 Kf7 $11)) 19... Rxa2 $14 20. Rc8+ Kf7
21. Rd7+ (21. Bb4 $5) 21... Kg6 22. Rxa7 h5 23. e3 (23. Raa8 $14) 23... h4 24.
gxh4 e4 25. Bb6 Rxa7 26. Bxa7 {[%mdl 4096] Endgame KRB-KRB} Kh7 $1 27. Re8 f5
28. Bd4 Rg8 29. Re5 g6 30. Rd5 Kh6 (30... Bg7 $1 $14) 31. Rd8 $16 {Black must
now prevent Kg2.} Kh7 32. Rd7+ Kh6 $2 (32... Bg7 $16) 33. Bf6 $1 $18 Bg7 34.
Bg5+ Kh7 35. Kg2 Kh8 36. Kh3 Bc3 37. Rc7 Be5 38. Re7 Bc3 39. Rc7 ({White
should try} 39. h5 $18) 39... Bb2 $2 {[%mdl 8192]} (39... Be5 $11 {and Black
stays safe.} 40. Rf7 Rg7) 40. h5 gxh5 41. Kh4 Rg7 42. Rxg7 (42. Rc2 $18 Ba1 43.
Kxh5) 42... Kxg7 $14 43. Kxh5 $18 {aiming for Bd8. KB-KB} Be5 $1 44. Bh6+ (44.
h3 {seems wilder.} Bc7 45. Bf4 Bd8 46. Bg3 Kf7 47. Be5) 44... Kh7 $2 {[%mdl
8192]} (44... Kf6 $14) 45. h3 {White is clearly winning.} Bc7 46. Bf4 $1 {
[%cal Rf4c7]} Bd8 {[#]} 47. Bg5 $1 {[%cal Rg5d8]} Bb6 48. Bf6 f4 {[#]} 49. Bg5
$1 {[%cal Rg5f4]} fxe3 50. fxe3 Bc7 51. Kg4 Kg6 52. h4 Be5 53. h5+ Kf7 54. Kf5
Bg7 55. h6 Bc3 56. Bf4 Bd2 57. Be5 {Weighted Error Value: White=0.27/Black=0.33
} 1-0